|
|
|
|
| LEADER |
00846cam a2200193 a 4500 |
| 020 |
|
|
|a 9780131574922 (pbk.)
|
| 082 |
0 |
0 |
|a 618.928 55
|b Q11
|
| 100 |
1 |
|
|a Kaderavek, Joan N.
|9 6127
|
| 245 |
1 |
0 |
|a Language disorders in children :
|b fundamental concepts of assessment and intervention /
|c Joan N Kaderavek.
|
| 260 |
|
|
|a New Jersey:
|b Pearson Education, Inc.,
|c 2011.
|
| 300 |
|
|
|a xviii, 485 p. :
|b ill. ;
|
| 490 |
0 |
|
|a Allyn & Bacon communication sciences and disorders series
|
| 504 |
|
|
|a Includes bibliographical references and index.
|
| 650 |
|
0 |
|a Language disorders in children.
|9 6128
|
| 650 |
|
0 |
|a Communicative disorders in children.
|9 6129
|
| 650 |
|
2 |
|a Language therapy.
|9 6130
|
| 942 |
|
|
|c BK
|
| 999 |
|
|
|c 61507
|d 61507
|
| 952 |
|
|
|0 0
|1 0
|4 0
|5 0
|6 618_928000000000000_55_Q11
|7 0
|9 53146
|a MGUL
|b MGUL
|c GEN
|d 2014-03-24
|l 0
|o 618.928 55 Q11
|p 49455
|r 2014-03-24
|w 2014-03-24
|y BK
|